| 000 | 00321nam a22001337a 4500 | ||
|---|---|---|---|
| 003 | SGT | ||
| 082 |
_a338.954 _bKAL |
||
| 100 | _a KALAM APJ ABDUL | ||
| 245 |
_a BHARAT 2020 AUR USKE BAAD _bAANE WALE KAL KI TASVEER |
||
| 250 | _a1ST | ||
| 260 |
_aNEW DELHI _bPRABHAT PRAKASHAN _c2015 |
||
| 300 | _a174 | ||
| 942 |
_2ddc _cBK |
||
| 999 |
_c26700 _d26700 |
||